000 00226nam a2200085Ia 4500
245 0 _aBasketball buddies
100 _a Arena, Felice South Yarra,, 2003
_965631
942 _cBK
008 210817s9999 xx 000 0 und d
999 _c270148
_d270147